000 00251nam a2200109 4500
999 _c10857
_d10857
003 OSt
005 20221019130139.0
008 221019b ||||| |||| 00| 0 eng d
245 _aPlastering Shepelev
260 _aMoscow
_bMIR Publishers
942 _2ddc